Soares book on grounding
Guardado en:
| 主要作者: | |
|---|---|
| 其他作者: | |
| 格式: | 圖書 |
| 語言: | English |
| 出版: |
Richardson, Texas : International Association of Electrical Inspectors,
1999
|
| 版: | 7 |
| 標簽: |
添加標簽
沒有標簽, 成為第一個標記此記錄!
|
MARC
| LEADER | 00000nam a2200000Ia 4500 | ||
|---|---|---|---|
| 003 | 000009 | ||
| 005 | 20221231144016.0 | ||
| 008 | 140114s1999 txua 000 ||eng d | ||
| 040 | |c cru CEDI | ||
| 082 | |a 621.3 S593i | ||
| 100 | |a Simmons, J. Philip |9 19509 | ||
| 245 | |a Soares book on grounding | ||
| 250 | |a 7 | ||
| 260 | |a Richardson, Texas : International Association of Electrical Inspectors, |c 1999 | ||
| 300 | |a 287 páginas ; 28 cm. | ||
| 700 | |9 19508 |a Simmons, Philip | ||
| 942 | |2 ddc |c BK | ||
| 999 | |c 15566 |d 15566 | ||
